[Event "Grand Swiss - Femmes"]
[Date "2025.09.09"]
[White "Shukhman, Anna"]
[Black "Bulmaga, Irina"]
[WhiteElo "2420"]
[BlackElo "2400"]
[Round "6.6.9"]
[Result "0-1"]

1. d4 {[%clk 01:30:58] [%emt 00:00:01]} Nf6 {[%clk 01:30:53] [%emt 00:00:06]} 2.
Nc3 {[%clk 01:31:26] [%emt 00:00:02]} d5 {[%clk 01:31:10] [%emt 00:00:13]} 3.
Bf4 {[%clk 01:31:53] [%emt 00:00:03]} e6 {[%clk 01:29:49] [%emt 00:01:51]} 4.
Nb5 {[%clk 01:32:19] [%emt 00:00:04]} Bb4+ {[%clk 01:29:22] [%emt 00:00:57]} 5.
c3 {[%clk 01:32:39] [%emt 00:00:11]} Ba5 {[%clk 01:29:25] [%emt 00:00:26]} 6. a4
{[%clk 01:32:58] [%emt 00:00:12]} a6 {[%clk 01:27:47] [%emt 00:02:07]} 7. Na3
{[%clk 01:33:24] [%emt 00:00:04]} Bb6 {[%clk 01:26:40] [%emt 00:01:36]} 8. e3
{[%clk 01:30:35] [%emt 00:03:19]} O-O {[%clk 01:26:33] [%emt 00:00:36]} 9. Bd3
{[%clk 01:29:28] [%emt 00:01:38]} c5 {[%clk 01:25:04] [%emt 00:01:58]} 10. Nf3
{[%clk 01:25:39] [%emt 00:04:20]} Nc6 {[%clk 01:14:51] [%emt 00:10:43]} 11. Bg5
{[%clk 01:17:54] [%emt 00:08:16]} h6 {[%clk 01:04:58] [%emt 00:10:23]} 12. Bh4
{[%clk 01:18:19] [%emt 00:00:05]} Bc7 {[%clk 01:03:39] [%emt 00:01:50]} 13. dxc5
{[%clk 01:00:13] [%emt 00:18:36]} e5 {[%clk 00:59:03] [%emt 00:05:06]} 14. Bc2
{[%clk 00:57:35] [%emt 00:03:09]} g5 {[%clk 00:58:14] [%emt 00:01:17]} 15. Bg3
{[%clk 00:58:03] [%emt 00:00:03]} Qe7 {[%clk 00:50:39] [%emt 00:08:05]} 16. b4
{[%clk 00:39:45] [%emt 00:18:49]} Bg4 {[%clk 00:41:24] [%emt 00:09:44]} 17. h3
{[%clk 00:39:11] [%emt 00:01:04]} Bh5 {[%clk 00:35:24] [%emt 00:06:30]} 18. h4
{[%clk 00:32:11] [%emt 00:07:31]} e4 {[%clk 00:28:20] [%emt 00:07:33]} 19. hxg5
{[%clk 00:32:38] [%emt 00:00:04]} hxg5 {[%clk 00:25:24] [%emt 00:03:26]} 20.
Rxh5 {[%clk 00:27:08] [%emt 00:06:00]} Nxh5 {[%clk 00:25:41] [%emt 00:00:13]}
21. Bxc7 {[%clk 00:27:34] [%emt 00:00:04]} Qxc7 {[%clk 00:24:31] [%emt
00:01:40]} 22. Qxd5 {[%clk 00:20:11] [%emt 00:07:53]} exf3 {[%clk 00:22:58]
[%emt 00:02:02]} 23. Qxg5+ {[%clk 00:20:36] [%emt 00:00:05]} Ng7 {[%clk
00:23:08] [%emt 00:00:19]} 24. O-O-O {[%clk 00:17:29] [%emt 00:03:38]} Qe5
{[%clk 00:19:37] [%emt 00:04:01]} 25. Qxe5 {[%clk 00:15:38] [%emt 00:02:21]}
Nxe5 {[%clk 00:20:04] [%emt 00:00:03]} 26. Be4 {[%clk 00:16:05] [%emt 00:00:03]}
Rad8 {[%clk 00:08:03] [%emt 00:12:31]} 27. Rd4 {[%clk 00:11:12] [%emt 00:05:22]}
fxg2 {[%clk 00:07:39] [%emt 00:00:54]} 28. Bxg2 {[%clk 00:11:24] [%emt
00:00:19]} Nc6 {[%clk 00:07:46] [%emt 00:00:23]} 29. Nc4 {[%clk 00:08:58] [%emt
00:02:56]} Nxd4 {[%clk 00:06:01] [%emt 00:02:16]} 30. cxd4 {[%clk 00:07:09]
[%emt 00:02:18]} Rd7 {[%clk 00:05:14] [%emt 00:01:17]} 31. d5 {[%clk 00:03:09]
[%emt 00:04:31]} Rfd8 {[%clk 00:04:40] [%emt 00:01:03]} 32. e4 {[%clk 00:02:32]
[%emt 00:01:07]} f5 {[%clk 00:04:01] [%emt 00:01:09]} 33. d6 {[%clk 00:01:53]
[%emt 00:01:09]} fxe4 {[%clk 00:02:32] [%emt 00:01:59]} 34. Bxe4 {[%clk
00:02:17] [%emt 00:00:06]} Ne8 {[%clk 00:01:50] [%emt 00:01:12]} 35. Kc2 {[%clk
00:00:38] [%emt 00:02:09]} Nf6 {[%clk 00:00:49] [%emt 00:01:31]} 36. Bf3 {[%clk
00:00:47] [%emt 00:00:22]} Kf7 {[%clk 00:00:43] [%emt 00:00:35]} 37. Na5 {[%clk
00:00:37] [%emt 00:00:40]} Ke6 {[%clk 00:00:46] [%emt 00:00:27]} 38. Bxb7 {[%clk
00:00:34] [%emt 00:00:33]} Rxb7 {[%clk 00:00:54] [%emt 00:00:23]} 39. Nxb7
{[%clk 00:01:01] [%emt 00:00:03]} Rc8 {[%clk 00:00:42] [%emt 00:00:41]} 40. b5
{[%clk 00:00:59] [%emt 00:00:32]} axb5 {[%clk 00:00:47] [%emt 00:00:25]} 41.
axb5 {[%clk 00:01:25] [%emt 00:00:04]} Ne4 {[%clk 00:28:58] [%emt 00:02:19]} 42.
c6 {[%clk 00:20:12] [%emt 00:11:43]} Nxd6 {[%clk 00:28:49] [%emt 00:00:39]} 43.
Nc5+ {[%clk 00:20:40] [%emt 00:00:02]} Ke7 {[%clk 00:28:22] [%emt 00:00:56]} 44.
Kc3 {[%clk 00:20:17] [%emt 00:00:54]} Nxb5+ {[%clk 00:28:32] [%emt 00:00:20]}
45. Kc4 {[%clk 00:20:18] [%emt 00:00:29]} Na7 {[%clk 00:28:49] [%emt 00:00:12]}
0-1

[Site "Europe Echecs"]

[Event "Grand Swiss - Femmes"]
[Date "2025.09.11"]
[White "Javakhishvili, Lela"]
[Black "Balajayeva, Khanim"]
[WhiteElo "2434"]
[BlackElo "2331"]
[Round "7.7.14"]
[Result "0-1"]

1. c4 {[%clk 01:30:55] [%emt 00:00:04]} e6 {[%clk 01:29:17] [%emt 00:01:43]} 2.
Nc3 {[%clk 01:31:17] [%emt 00:00:08]} d5 {[%clk 01:29:21] [%emt 00:00:26]} 3. d4
{[%clk 01:31:39] [%emt 00:00:08]} Be7 {[%clk 01:27:50] [%emt 00:02:02]} 4. cxd5
{[%clk 01:30:14] [%emt 00:01:55]} exd5 {[%clk 01:28:12] [%emt 00:00:07]} 5. Bf4
{[%clk 01:30:38] [%emt 00:00:06]} c6 {[%clk 01:26:52] [%emt 00:01:51]} 6. e3
{[%clk 01:29:49] [%emt 00:01:18]} Bf5 {[%clk 01:25:55] [%emt 00:01:27]} 7. g4
{[%clk 01:29:17] [%emt 00:01:01]} Be6 {[%clk 01:25:34] [%emt 00:00:53]} 8. Bd3
{[%clk 01:28:15] [%emt 00:01:32]} Nd7 {[%clk 01:24:33] [%emt 00:01:31]} 9. h3
{[%clk 01:24:46] [%emt 00:03:57]} g5 {[%clk 01:23:30] [%emt 00:01:35]} 10. Bh2
{[%clk 01:17:47] [%emt 00:07:29]} h5 {[%clk 01:23:26] [%emt 00:00:34]} 11. f3
{[%clk 01:14:21] [%emt 00:03:55]} hxg4 {[%clk 01:19:56] [%emt 00:04:01]} 12.
fxg4 {[%clk 01:10:27] [%emt 00:04:24]} Ngf6 {[%clk 01:09:22] [%emt 00:11:03]}
13. Qf3 {[%clk 01:09:01] [%emt 00:01:55]} Qa5 {[%clk 01:07:17] [%emt 00:02:37]}
14. Nge2 {[%clk 01:04:47] [%emt 00:04:43]} O-O-O {[%clk 00:56:11] [%emt
00:11:36]} 15. O-O-O {[%clk 01:02:33] [%emt 00:02:44]} Rh6 {[%clk 00:51:31]
[%emt 00:05:10]} 16. Ng3 {[%clk 00:49:18] [%emt 00:13:45]} Rxh3 {[%clk 00:44:17]
[%emt 00:07:45]} 17. Nf5 {[%clk 00:46:13] [%emt 00:03:35]} Qxc3+ {[%clk
00:37:56] [%emt 00:06:52]} 18. Kb1 {[%clk 00:42:52] [%emt 00:03:50]} Bxf5 {[%clk
00:36:31] [%emt 00:01:55]} 19. Qxf5 {[%clk 00:41:11] [%emt 00:02:11]} Qb4 {[%clk
00:33:48] [%emt 00:03:13]} 20. Bd6 {[%clk 00:34:38] [%emt 00:07:03]} Qxd6 {[%clk
00:33:38] [%emt 00:00:40]} 21. Rxh3 {[%clk 00:35:05] [%emt 00:00:02]} Rg8 {[%clk
00:32:13] [%emt 00:01:55]} 22. Rdh1 {[%clk 00:33:37] [%emt 00:01:58]} Kc7 {[%clk
00:24:53] [%emt 00:07:52]} 23. Qf3 {[%clk 00:33:31] [%emt 00:00:34]} Bd8 {[%clk
00:12:14] [%emt 00:13:10]} 24. Rh6 {[%clk 00:32:48] [%emt 00:01:13]} Re8 {[%clk
00:10:40] [%emt 00:02:04]} 25. Bf5 {[%clk 00:30:25] [%emt 00:02:53]} Qe7 {[%clk
00:10:26] [%emt 00:00:45]} 26. Qg3+ {[%clk 00:29:54] [%emt 00:01:00]} Kb6 {[%clk
00:10:26] [%emt 00:00:30]} 27. Rf1 {[%clk 00:28:01] [%emt 00:02:22]} Ne4 {[%clk
00:09:35] [%emt 00:01:22]} 28. Qg2 {[%clk 00:25:46] [%emt 00:02:44]} Ndf6 {[%clk
00:09:16] [%emt 00:00:50]} 29. a3 {[%clk 00:24:39] [%emt 00:01:38]} Nd6 {[%clk
00:07:21] [%emt 00:02:24]} 30. Rh3 {[%clk 00:23:54] [%emt 00:01:15]} Nxf5 {[%clk
00:07:04] [%emt 00:00:49]} 31. Rxf5 {[%clk 00:24:13] [%emt 00:00:11]} Ne4 {[%clk
00:05:46] [%emt 00:01:48]} 32. Rh7 {[%clk 00:21:53] [%emt 00:02:49]} Nd6 {[%clk
00:05:53] [%emt 00:00:24]} 33. Re5 {[%clk 00:22:05] [%emt 00:00:18]} Qd7 {[%clk
00:05:16] [%emt 00:01:06]} 34. Qc2 {[%clk 00:17:19] [%emt 00:05:16]} Ne4 {[%clk
00:01:36] [%emt 00:04:11]} 35. Qb3+ {[%clk 00:14:51] [%emt 00:02:57]} Kc7 {[%clk
00:01:55] [%emt 00:00:12]} 36. Qb4 {[%clk 00:15:14] [%emt 00:00:06]} Kc8 {[%clk
00:01:05] [%emt 00:01:19]} 37. Ka2 {[%clk 00:13:30] [%emt 00:02:14]} a5 {[%clk
00:00:54] [%emt 00:00:42]} 38. Qe1 {[%clk 00:12:16] [%emt 00:01:44]} Nd6 {[%clk
00:00:42] [%emt 00:00:42]} 39. Qf2 {[%clk 00:11:54] [%emt 00:00:52]} Rf8 {[%clk
00:00:52] [%emt 00:00:20]} 40. Qf3 {[%clk 00:04:29] [%emt 00:07:55]} Nc4 {[%clk
00:00:57] [%emt 00:00:25]} 41. Rf5 {[%clk 00:04:31] [%emt 00:00:27]} Nd6 {[%clk
00:01:23] [%emt 00:00:04]} 42. Re5 {[%clk 00:04:47] [%emt 00:00:14]} a4 {[%clk
00:26:47] [%emt 00:05:06]} 43. Ka1 {[%clk 00:30:15] [%emt 00:05:02]} Qc7 {[%clk
00:21:30] [%emt 00:05:48]} 44. Qf2 {[%clk 00:29:32] [%emt 00:01:13]} Qb6 {[%clk
00:20:40] [%emt 00:01:20]} 45. Rh6 {[%clk 00:27:11] [%emt 00:02:51]} Qc7 {[%clk
00:18:07] [%emt 00:03:03]} 46. Rh7 {[%clk 00:27:25] [%emt 00:00:15]} Kb8 {[%clk
00:18:29] [%emt 00:00:09]} 47. Qf3 {[%clk 00:26:13] [%emt 00:01:41]} Qb6 {[%clk
00:17:28] [%emt 00:01:31]} 48. Qf2 {[%clk 00:26:01] [%emt 00:00:41]} Qb3 {[%clk
00:17:08] [%emt 00:00:50]} 49. Qh2 {[%clk 00:22:56] [%emt 00:03:34]} Ka7 {[%clk
00:15:50] [%emt 00:01:48]} 50. Rh6 {[%clk 00:23:19] [%emt 00:00:08]} Nc4 {[%clk
00:14:49] [%emt 00:01:31]} 51. Rf5 {[%clk 00:23:28] [%emt 00:00:21]} Nxe3 {[%clk
00:13:53] [%emt 00:01:26]} 52. Rh8 {[%clk 00:23:44] [%emt 00:00:14]} Rxh8 {[%clk
00:13:58] [%emt 00:00:25]} 53. Qxh8 {[%clk 00:24:11] [%emt 00:00:02]} Qd1+
{[%clk 00:14:20] [%emt 00:00:08]} 0-1

[Site "Europe Echecs"]

[Event "Grand Swiss - Femmes"]
[Date "2025.09.12"]
[White "Fataliyeva, Ulviyya"]
[Black "Lu, Miaoyi"]
[WhiteElo "2385"]
[BlackElo "2449"]
[Round "8.8.8"]
[Result "1/2-1/2"]

1. e4 {[%clk 01:30:53] [%emt 00:00:06]} e5 {[%clk 01:30:53] [%emt 00:00:08]} 2.
Nf3 {[%clk 01:31:18] [%emt 00:00:05]} Nc6 {[%clk 01:31:17] [%emt 00:00:06]} 3.
Bc4 {[%clk 01:31:43] [%emt 00:00:04]} Nf6 {[%clk 01:31:38] [%emt 00:00:10]} 4.
d4 {[%clk 01:32:06] [%emt 00:00:07]} exd4 {[%clk 01:31:50] [%emt 00:00:18]} 5.
e5 {[%clk 01:32:29] [%emt 00:00:06]} d5 {[%clk 01:28:50] [%emt 00:03:31]} 6. Bb5
{[%clk 01:32:54] [%emt 00:00:05]} Ne4 {[%clk 01:25:13] [%emt 00:04:07]} 7. Nxd4
{[%clk 01:33:18] [%emt 00:00:06]} Bc5 {[%clk 01:21:33] [%emt 00:04:11]} 8. Be3
{[%clk 01:33:13] [%emt 00:00:34]} O-O {[%clk 01:20:59] [%emt 00:01:04]} 9. Nxc6
{[%clk 01:31:07] [%emt 00:02:36]} bxc6 {[%clk 01:21:24] [%emt 00:00:05]} 10.
Bxc5 {[%clk 01:31:33] [%emt 00:00:03]} Nxc5 {[%clk 01:21:50] [%emt 00:00:05]}
11. Bxc6 {[%clk 01:31:58] [%emt 00:00:04]} Rb8 {[%clk 01:22:14] [%emt 00:00:07]}
12. Qxd5 {[%clk 01:32:22] [%emt 00:00:05]} Qe7 {[%clk 01:22:41] [%emt 00:00:04]}
13. O-O {[%clk 01:32:39] [%emt 00:00:12]} Rxb2 {[%clk 01:18:39] [%emt 00:04:33]}
14. Nc3 {[%clk 01:32:49] [%emt 00:00:20]} Rxc2 {[%clk 01:18:34] [%emt 00:00:35]}
15. Qd4 {[%clk 01:33:02] [%emt 00:00:16]} Ne6 {[%clk 01:18:59] [%emt 00:00:06]}
16. Qd3 {[%clk 01:33:27] [%emt 00:00:04]} Rb2 {[%clk 01:19:24] [%emt 00:00:06]}
17. Qe3 {[%clk 01:33:53] [%emt 00:00:04]} Qc5 {[%clk 00:55:47] [%emt 00:24:07]}
18. Qxc5 {[%clk 01:31:44] [%emt 00:02:38]} Nxc5 {[%clk 00:56:14] [%emt
00:00:04]} 19. Nd5 {[%clk 01:28:28] [%emt 00:03:45]} Ba6 {[%clk 00:36:30] [%emt
00:20:15]} 20. Rfd1 {[%clk 01:14:58] [%emt 00:14:00]} Bd3 {[%clk 00:23:41] [%emt
00:13:19]} 21. f4 {[%clk 01:01:47] [%emt 00:13:40]} h5 {[%clk 00:08:28] [%emt
00:15:43]} 22. f5 {[%clk 00:42:58] [%emt 00:19:19]} Kh8 {[%clk 00:00:43] [%emt
00:08:14]} 23. Rac1 {[%clk 00:29:06] [%emt 00:14:23]} Be2 {[%clk 00:00:54] [%emt
00:00:20]} 24. Re1 {[%clk 00:27:44] [%emt 00:01:52]} Nd3 {[%clk 00:01:20] [%emt
00:00:04]} 25. e6 {[%clk 00:26:29] [%emt 00:01:45]} fxe6 {[%clk 00:01:49] [%emt
00:00:01]} 26. fxe6 {[%clk 00:25:54] [%emt 00:01:05]} Nxc1 {[%clk 00:02:12]
[%emt 00:00:08]} 27. e7 {[%clk 00:22:23] [%emt 00:04:01]} Rg8 {[%clk 00:01:28]
[%emt 00:01:13]} 28. Rxc1 {[%clk 00:14:22] [%emt 00:08:32]} Bb5 {[%clk 00:01:57]
[%emt 00:00:01]} 29. Nf4 {[%clk 00:07:54] [%emt 00:06:58]} Bxc6 {[%clk 00:01:15]
[%emt 00:01:11]} 30. Ng6+ {[%clk 00:07:58] [%emt 00:00:26]} Kh7 {[%clk
00:01:44]} 31. Nf8+ {[%clk 00:08:24] [%emt 00:00:05]} Kh8 {[%clk 00:02:09] [%emt
00:00:05]} 32. Rxc6 {[%clk 00:08:31] [%emt 00:00:23]} Rb8 {[%clk 00:01:06] [%emt
00:01:32]} 33. Rxc7 {[%clk 00:04:04] [%emt 00:04:59]} a5 {[%clk 00:00:46] [%emt
00:00:49]} 34. Rc5 {[%clk 00:02:23] [%emt 00:02:10]} g5 {[%clk 00:00:48] [%emt
00:00:29]} 35. Rxa5 {[%clk 00:00:51] [%emt 00:02:03]} Re8 {[%clk 00:00:49] [%emt
00:00:28]} 36. Re5 {[%clk 00:00:41] [%emt 00:00:41]} Rg7 {[%clk 00:00:48] [%emt
00:00:30]} 37. h4 {[%clk 00:00:49] [%emt 00:00:22]} gxh4 {[%clk 00:00:41] [%emt
00:00:37]} 38. Rxh5+ {[%clk 00:00:40] [%emt 00:00:39]} Kg8 {[%clk 00:01:10]
[%emt 00:00:01]} 39. Ne6 {[%clk 00:00:43] [%emt 00:00:27]} Rgxe7 {[%clk
00:01:25] [%emt 00:00:15]} 40. Nf4 {[%clk 00:00:50] [%emt 00:00:20]} Rh7 {[%clk
00:00:57] [%emt 00:01:02]} 41. Ra5 {[%clk 00:25:15] [%emt 00:06:04]} Rg7 {[%clk
00:23:34] [%emt 00:07:53]} 42. Kh2 {[%clk 00:20:53] [%emt 00:04:51]} Re4 {[%clk
00:17:20] [%emt 00:06:43]} 43. Rf5 {[%clk 00:20:38] [%emt 00:00:45]} Ra7 {[%clk
00:12:42] [%emt 00:05:10]} 44. Nh5 {[%clk 00:18:04] [%emt 00:03:02]} Kh7 {[%clk
00:09:25] [%emt 00:03:47]} 45. Rf4 {[%clk 00:10:53] [%emt 00:07:42]} Rxf4 46.
Nxf4 {[%clk 00:11:21]} Kh6 {[%clk 00:04:27] [%emt 00:05:39]} 47. Kh3 {[%clk
00:11:27] [%emt 00:00:23]} Ra4 {[%clk 00:03:17] [%emt 00:01:41]} 48. Kg4 {[%clk
00:09:33] [%emt 00:02:23]} Rb4 {[%clk 00:03:26] [%emt 00:00:21]} 49. Kf5 {[%clk
00:09:03] [%emt 00:01:00]} Rd4 {[%clk 00:03:10] [%emt 00:00:47]} 50. Kg4 {[%clk
00:08:05] [%emt 00:01:27]} Ra4 {[%clk 00:03:36] [%emt 00:00:06]} 51. a3 {[%clk
00:06:33] [%emt 00:02:01]} Rc4 {[%clk 00:03:44] [%emt 00:00:22]} 52. Kf5 {[%clk
00:06:45] [%emt 00:00:17]} Rd4 {[%clk 00:04:09] [%emt 00:00:06]} 53. Kg4 {[%clk
00:04:49] [%emt 00:02:25]} Ra4 {[%clk 00:04:35] [%emt 00:00:04]} 54. Kf5 {[%clk
00:04:23] [%emt 00:00:56]} Rxa3 {[%clk 00:04:59] [%emt 00:00:07]} 55. Kg4 {[%clk
00:04:51] [%emt 00:00:02]} Ra4 {[%clk 00:05:17] [%emt 00:00:12]} 56. Kf5 {[%clk
00:05:12] [%emt 00:00:08]} Ra2 {[%clk 00:02:54] [%emt 00:02:54]} 57. Kg4 {[%clk
00:05:35] [%emt 00:00:05]} Rf2 {[%clk 00:03:20] [%emt 00:00:06]} 58. g3 {[%clk
00:04:41] [%emt 00:01:24]} hxg3 {[%clk 00:03:44] [%emt 00:00:06]} 59. Kxg3
{[%clk 00:05:09] [%emt 00:00:02]} Ra2 {[%clk 00:04:05] [%emt 00:00:09]} 60. Kg4
{[%clk 00:05:32] [%emt 00:00:07]} Ra5 {[%clk 00:04:26] [%emt 00:00:09]} 61. Ne6
{[%clk 00:04:29] [%emt 00:01:32]} Kg6 {[%clk 00:04:52] [%emt 00:00:05]} 62. Kf4
{[%clk 00:04:52] [%emt 00:00:05]} Kf6 {[%clk 00:05:11] [%emt 00:00:13]} 63. Nd4
{[%clk 00:05:14] [%emt 00:00:07]} Rd5 {[%clk 00:03:58] [%emt 00:01:44]} 64. Ke4
{[%clk 00:05:36] [%emt 00:00:07]} Rh5 {[%clk 00:03:38] [%emt 00:00:50]} 65. Nf3
{[%clk 00:05:59] [%emt 00:00:07]} Ke6 {[%clk 00:03:26] [%emt 00:00:43]} 66. Nd4+
{[%clk 00:06:23] [%emt 00:00:05]} Kd6 {[%clk 00:03:53] [%emt 00:00:03]} 67. Nf5+
{[%clk 00:06:13] [%emt 00:00:38]} Kc5 {[%clk 00:04:21] [%emt 00:00:04]} 68. Ne3
{[%clk 00:05:23] [%emt 00:01:19]} Rh8 {[%clk 00:04:15] [%emt 00:00:37]} 69. Kd3
{[%clk 00:05:32] [%emt 00:00:20]} Rd8+ {[%clk 00:03:12] [%emt 00:01:34]} 70. Ke4
{[%clk 00:05:40] [%emt 00:00:22]} Ra8 {[%clk 00:03:36] [%emt 00:00:06]} 71. Kd3
{[%clk 00:05:46] [%emt 00:00:23]} Re8 {[%clk 00:03:41] [%emt 00:00:25]} 72. Nf5
{[%clk 00:05:46] [%emt 00:00:29]} Kd5 {[%clk 00:03:36] [%emt 00:00:37]} 73. Ne3+
{[%clk 00:05:57] [%emt 00:00:19]} Ke5 {[%clk 00:04:03] [%emt 00:00:03]} 74. Nc4+
{[%clk 00:06:22] [%emt 00:00:05]} Kf4 {[%clk 00:04:30] [%emt 00:00:03]} 75. Kd4
{[%clk 00:06:27] [%emt 00:00:23]} Rd8+ {[%clk 00:04:45] [%emt 00:00:17]} 76. Kc5
{[%clk 00:06:49] [%emt 00:00:07]} Kf5 {[%clk 00:03:57] [%emt 00:01:18]} 77. Nd6
{[%clk 00:06:32] [%emt 00:00:46]} Ke6 {[%clk 00:04:06] [%emt 00:00:22]} 78. Nb5
{[%clk 00:06:21] [%emt 00:00:40]} Ke5 {[%clk 00:04:16] [%emt 00:00:19]} 79. Na7
{[%clk 00:06:36] [%emt 00:00:14]} Rd1 {[%clk 00:03:41] [%emt 00:01:05]} 80. Nc6
{[%clk 00:06:45] [%emt 00:00:22]} Ke4 {[%clk 00:04:08] [%emt 00:00:03]} 81. Ne7
{[%clk 00:06:21] [%emt 00:00:52]} Rd8 {[%clk 00:03:35] [%emt 00:01:04]} 82. Nc6
{[%clk 00:06:19] [%emt 00:00:32]} Rd7 {[%clk 00:03:46] [%emt 00:00:19]} 83. Nb8
{[%clk 00:05:46] [%emt 00:01:04]} Rd5+ {[%clk 00:03:50] [%emt 00:00:26]} 84. Kc4
{[%clk 00:05:52] [%emt 00:00:24]} Rd1 {[%clk 00:02:17] [%emt 00:02:04]} 85. Kc5
{[%clk 00:06:16] [%emt 00:00:06]} Rb1 {[%clk 00:02:37] [%emt 00:00:10]} 86. Nc6
{[%clk 00:06:35] [%emt 00:00:10]} Rc1+ {[%clk 00:02:51] [%emt 00:00:16]} 87. Kd6
{[%clk 00:07:00] [%emt 00:00:05]} Rd1+ {[%clk 00:02:06] [%emt 00:01:16]} 88. Kc5
{[%clk 00:07:19] [%emt 00:00:11]} Rd5+ {[%clk 00:02:31] [%emt 00:00:05]} 89. Kc4
{[%clk 00:07:44] [%emt 00:00:05]} Rh5 {[%clk 00:02:57] [%emt 00:00:04]} 90. Nb4
{[%clk 00:07:57] [%emt 00:00:16]} Rh1 {[%clk 00:03:04] [%emt 00:00:24]} 91. Kc5
{[%clk 00:08:13] [%emt 00:00:14]} Rc1+ {[%clk 00:03:28] [%emt 00:00:06]} 92. Kd6
{[%clk 00:08:31] [%emt 00:00:11]} Rb1 {[%clk 00:03:16] [%emt 00:00:43]} 93. Kc5
{[%clk 00:08:37] [%emt 00:00:22]} Rc1+ {[%clk 00:03:42] [%emt 00:00:07]} 94. Kd6
{[%clk 00:09:05] [%emt 00:00:01]} Rc4 {[%clk 00:04:06] [%emt 00:00:06]} 95. Nc6
{[%clk 00:09:24] [%emt 00:00:12]} Rc3 {[%clk 00:03:51] [%emt 00:00:46]} 96. Nb4
{[%clk 00:09:37] [%emt 00:00:16]} Rb3 {[%clk 00:04:07] [%emt 00:00:14]} 97. Kc5
{[%clk 00:10:01] [%emt 00:00:06]} Rxb4 {[%clk 00:04:30] [%emt 00:00:08]} 98.
Kxb4 {[%clk 00:10:30] [%emt 00:00:02]} 1/2-1/2

[Site "Europe Echecs"]

[Event "Grand Swiss - Femmes"]
[Date "2025.09.12"]
[White "Wafa, Shrook"]
[Black "Nassr, Lina"]
[WhiteElo "2202"]
[BlackElo "2059"]
[Round "8.8.26"]
[Result "1-0"]

1. e4 {[%clk 01:30:57] [%emt 00:00:02]} c5 {[%clk 01:30:45] [%emt 00:00:16]} 2.
Nf3 {[%clk 01:31:17] [%emt 00:00:09]} e6 {[%clk 01:31:09] [%emt 00:00:07]} 3. d4
{[%clk 01:31:34] [%emt 00:00:12]} cxd4 {[%clk 01:31:33] [%emt 00:00:06]} 4. Nxd4
{[%clk 01:31:56] [%emt 00:00:08]} Nf6 {[%clk 01:31:41] [%emt 00:00:22]} 5. Nc3
{[%clk 01:32:16] [%emt 00:00:10]} Nc6 {[%clk 01:32:01] [%emt 00:00:09]} 6. Ndb5
{[%clk 01:32:32] [%emt 00:00:15]} Bb4 {[%clk 01:31:30] [%emt 00:01:01]} 7. a3
{[%clk 01:31:48] [%emt 00:01:15]} Bxc3+ {[%clk 01:31:54] [%emt 00:00:05]} 8.
Nxc3 {[%clk 01:31:55] [%emt 00:00:23]} d5 {[%clk 01:32:01] [%emt 00:00:22]} 9.
exd5 {[%clk 01:31:57] [%emt 00:00:29]} exd5 {[%clk 01:32:26] [%emt 00:00:05]}
10. Bd3 {[%clk 01:32:05] [%emt 00:00:22]} O-O {[%clk 01:32:48] [%emt 00:00:09]}
11. O-O {[%clk 01:32:23] [%emt 00:00:11]} d4 {[%clk 01:33:05] [%emt 00:00:13]}
12. Ne4 {[%clk 01:31:21] [%emt 00:01:32]} Bf5 {[%clk 01:28:06] [%emt 00:05:29]}
13. Bg5 {[%clk 01:28:35] [%emt 00:03:16]} Bxe4 {[%clk 01:24:09] [%emt 00:04:27]}
14. Bxe4 {[%clk 01:28:05] [%emt 00:01:00]} h6 {[%clk 01:17:34] [%emt 00:07:05]}
15. Bh4 {[%clk 01:26:44] [%emt 00:01:51]} Re8 {[%clk 01:06:20] [%emt 00:11:44]}
16. Bd3 {[%clk 01:25:02] [%emt 00:02:11]} Ne5 {[%clk 01:01:27] [%emt 00:05:23]}
17. Bb5 {[%clk 01:15:59] [%emt 00:09:33]} Re6 {[%clk 00:57:45] [%emt 00:04:11]}
18. Re1 {[%clk 01:14:13] [%emt 00:02:17]} Qd5 {[%clk 00:47:09] [%emt 00:11:07]}
19. Ba4 {[%clk 01:12:47] [%emt 00:01:56]} Nc4 {[%clk 00:34:24] [%emt 00:13:14]}
20. Rxe6 {[%clk 01:09:45] [%emt 00:03:32]} fxe6 {[%clk 00:34:49] [%emt
00:00:06]} 21. Bb3 {[%clk 01:09:47] [%emt 00:00:27]} b5 {[%clk 00:30:47] [%emt
00:04:32]} 22. h3 {[%clk 01:05:03] [%emt 00:05:14]} Ne4 {[%clk 00:21:02] [%emt
00:10:14]} 23. Qg4 {[%clk 00:59:28] [%emt 00:06:06]} Rf8 {[%clk 00:15:40] [%emt
00:05:52]} 24. Re1 {[%clk 00:53:54] [%emt 00:06:03]} Nc5 {[%clk 00:11:47] [%emt
00:04:24]} 25. Be7 {[%clk 00:51:18] [%emt 00:03:06]} Re8 {[%clk 00:08:28] [%emt
00:03:49]} 26. Bxc5 {[%clk 00:47:57] [%emt 00:03:51]} Qxc5 {[%clk 00:08:51]
[%emt 00:00:07]} 27. Rxe6 {[%clk 00:48:03] [%emt 00:00:24]} Rxe6 {[%clk
00:08:49] [%emt 00:00:32]} 28. Qxe6+ {[%clk 00:48:26] [%emt 00:00:06]} Kh7
{[%clk 00:07:11] [%emt 00:02:09]} 29. a4 {[%clk 00:48:18] [%emt 00:00:38]} Qb6
{[%clk 00:02:32] [%emt 00:05:09]} 30. Bxc4 {[%clk 00:47:14] [%emt 00:01:34]}
bxc4 {[%clk 00:02:57] [%emt 00:00:06]} 31. Qxb6 {[%clk 00:47:39] [%emt
00:00:06]} axb6 {[%clk 00:03:24] [%emt 00:00:02]} 32. Kf1 {[%clk 00:47:57] [%emt
00:00:11]} Kg6 {[%clk 00:02:37] [%emt 00:01:18]} 33. Ke2 {[%clk 00:48:18] [%emt
00:00:09]} Kf5 {[%clk 00:02:21] [%emt 00:00:46]} 34. b3 {[%clk 00:48:20] [%emt
00:00:27]} d3+ {[%clk 00:00:44] [%emt 00:02:08]} 35. Kd2 {[%clk 00:48:38] [%emt
00:00:12]} cxb3 {[%clk 00:00:37] [%emt 00:00:36]} 36. cxb3 {[%clk 00:48:57]
[%emt 00:00:11]} Ke4 {[%clk 00:00:42] [%emt 00:00:25]} 37. b4 {[%clk 00:48:54]
[%emt 00:00:33]} 1-0

[Site "Europe Echecs"]